[Event "New York op"]
[Site "New York"]
[Date "1998.03.20"]
[Round "7"]
[White "Georgiev, Kiril"]
[Black "Ibragimov, Ildar"]
[Result "1-0"]
[WhiteElo "2675"]
[BlackElo "2590"]
[Annotator "Huzman,A"]
[PlyCount "129"]
[EventDate "1998.03.16"]
[EventType "swiss"]
[EventRounds "9"]
[EventCountry "USA"]
[SourceTitle "CBM 064"]
[Source "ChessBase"]
[SourceDate "1998.06.02"]
[SourceVersion "1"]
[SourceVersionDate "1998.06.02"]
[SourceQuality "1"]

1. d4 {Winants Ftacnik Dokhojan} d5 2. c4 dxc4 3. e3 e6 4. Bxc4 c5 5. Nf3 a6 6.
O-O Nf6 7. Bb3 {Winants: Kasparov avait déjà joué ainsi quelques semaines
auparavant, lors de la simultanée en deux tours disputée contre l'équipe
nationale d'Argentine, pour vaincre la résistance du grand-maître Spangenberg.
L'idée remonte а une trentaine d'années. On la retrouve notamment aux
olympiades de Varna en 1962, dans les parties du champion tchèque Miroslav
Filip, et aussi dans l'une des rencontres du match Botvinnik-Petrosian de 1963.
Le recul du Fou anticipe le coup ...b5, pour attaquer les pions noirs
immédiatement avec a4.} b5 {Winants: Les ouvrages théoriques recommandent 7...
Nc6 ou 7...cxd4. Piket pourtant, avait déjà abordé cette variante de l'autre
côté de l'échiquier et on peut donc supposer qu'il avait effectué son choix en
connaissance de cause.} 8. a4 b4 {Ceci réduit le potentiel du Bf8 et abandonne
en même temps le contrôle du point c4.} (8... bxa4 $5 9. Bxa4+ Nbd7 10. e4 $1
$16 cxd4 $8 11. e5 Nd5 12. Bc6 Rb8 13. Bxd5 exd5 14. Nxd4 Rb6 $8 15. Nc3 Nc5
16. Be3 Be7 17. Qc2 {1-0 Rublevsky,S-Vaulin,A/Rossia 1992 (32)}) ({Winants:
Les autres possibilités ne seraient toutefois guère plus réjouissantes:} 8...
Bb7 9. axb5 axb5 10. Rxa8 Bxa8 11. Qe2 b4 12. Ba4+ Nbd7 13. Ne5 $16 {
Yermolinsky-Quinn Londres 1994}) 9. Nbd2 Bb7 10. e4 {Winants: Un gambit
audacieux mais correct. Les Blancs ont pour but d'exploiter la position du Roi
noir, ou de gagner du terrain au centre en établissant le fantassin le e5.}
cxd4 (10... Nxe4 $6 {Ftacnik} 11. Nxe4 Bxe4 12. Bg5 Qd7 13. Re1 Bd5 $8 14. dxc5
$16 Bxb3 15. Qxb3 Bxc5 $2 16. Rad1 $18) 11. e5 Nfd7 (11... Nd5 {Une nouveauté
semble-t-il.} 12. Nc4 (12. Ne4 {- 64/362}) 12... Be7 (12... Nc6 13. Bg5 (13.
Nxd4 {Dokhojan} Be7 14. Nxc6 Bxc6 15. Qg4 $16 {עg8}) 13... Qd7 {Piket avait
probablement examiné cette position а domicile.} (13... f6 $2 {Dokhojan} 14.
exf6 gxf6 15. Re1 fxg5 16. Rxe6+ Kd7 17. Rxc6 Bxc6 18. Nce5+ Kc7 19. Nxc6 Kxc6
20. Nxd4+ Kb6 21. a5+ $18) (13... Qc7 14. Rc1 {[%cal Gc1c7]} Bc5 15. Nd6+ Bxd6
16. Bxd5 Bxe5 (16... exd5 17. exd6 Qxd6 18. Re1+ Kf8 19. Nxd4 $36) 17. Bxc6+
Bxc6 18. Re1 f6 19. Nxd4 Bxd4 20. Rxe6+ Kd7 21. Qg4 h5 22. Qf5 g6 23. Qh3 $18)
14. Rc1 {Winants: Une conception remarquable. Il semblerait que les pièces
noires soient bien disposées: le Bb7 contrôle la grande diagonale et le Nd5
occupe un avant-poste. Or, en y regardant de plus près, on s'aperçoit qu'elles
se gênent mutuellement. C'est justement pourquoi Kasparov évite de provoquer
des simplifications en capturant le Pd4. Son but consiste avant tout а prendre
l'avantage via une meilleure conjugaison des forces} h6 15. Bh4 Bc5 16. Nfd2 $1
$16 {[%cal Gd2e4,Ge4d6,Gc4d6] 1-0 Kasparov,G-Piket,J/Fontys 1997 (29) Winants:
La pointe des coups précédents. Le Cavalier se dirige vers e4, pour profiter
du soldat avancé (points d6 et f6)}) 13. Bg5 O-O 14. Nd6 Bxg5 15. Nxb7 Qe7 16.
Nxg5 Qxg5 17. Bxd5 exd5 18. Qxd4 $16 {Praszak,M-Estrada Nieto,J/MK Cafe op
1997/1-0 (72)}) (11... Ne4 {Ftacnik} 12. Nxe4 Bxe4 13. Bg5 $16 {/\ Re1}) 12.
Nc4 Be7 (12... Nc5 13. Bg5 f6 14. exf6 gxf6 15. Nfe5 h5 16. Ng6 Qd5 17. Nd6+
Qxd6 18. Nxh8 Nxb3 19. Qxh5+ Kd7 20. Bxf6 Nxa1 21. Qf7+ Be7 22. Ng6 Nc6 $17 {
0-1 Slipak,S-Spangenberg,H/Buenos Aires Najdorf 1996 (30)}) (12... Nc6 13. Bg5
Qc7 14. Rc1 Bc5 15. Nxd4 Ndxe5 16. Nxe5 Qxe5 17. Nf3 Qd6 18. Qc2 Ba7 19. Rfd1
$44 {1-0 Topalov,V-Lautier,J/Amber-rapid6th 1997 (30)}) 13. Qxd4 Nc5 (13... O-O
14. Qg4 $40) 14. Qxd8+ Kxd8 (14... Bxd8 15. Nd6+ Kf8 16. Bd1 $16 {[%csl Rf8]
[%cal Gc1d2,Ga1c1,Gc1e3]}) 15. Bc2 Nbd7 (15... b3 16. Bd1 Nbd7 17. Bd2 Bd5 18.
Be2 $16) 16. b3 Bd5 (16... Bxf3 17. gxf3 Kc7 18. Rd1 Rhd8 19. Be3 $16) 17. Nfd2
f6 (17... Kc7 18. Bb2 Rhd8 19. Rac1 $14) 18. exf6 (18. Bb2 fxe5 19. Nxe5 Nxe5
20. Bxe5 Bf6 $15) 18... Bxf6 (18... gxf6 19. Bb2 Rc8 20. Ne3 Bc6 21. Ndc4 $14)
19. Rb1 Ne5 $6 (19... Ke7 20. Bb2 Rac8 21. Ne3 $14 {/=}) 20. Nb6 Rb8 21. a5 $1
Nc6 22. Ndc4 Nd4 23. Be3 $1 $14 Bxc4 24. Nxc4 Ke7 25. Rfd1 Rhd8 26. Kf1 g6 27.
Rd2 Ke8 (27... Rbc8 $142 $14) 28. Bf4 Rb5 $2 (28... Rbc8 $1 29. Nd6+ $140 Rxd6
30. Bxd6 Nb7 $17 {[%cal Yb7d6,Yc8c2,Yd4c2]}) 29. Nd6+ Rxd6 30. Bxd6 $16 Rxa5
31. f4 {[%cal Gd6e5]} Kf7 32. Be5 Nc6 (32... Nxc2 33. Rxc2 Bxe5 34. fxe5 Ne4
35. Rc7+ $16) 33. Re1 $1 (33. Bxf6 Kxf6 34. Ke2 $16) 33... Nxe5 34. fxe5 Bg5
35. Rd4 Ra3 (35... Ra2 36. Rc4 $16 {[%cal Gc4c7]}) 36. h4 Bh6 37. Rc4 $1 (37.
Rxb4 $2 Bd2 $17) 37... Nxb3 38. Rxb4 Nd2+ 39. Ke2 Ra2 (39... Rg3 40. Rb7+ Kg8
41. Kf2 $16 {[%csl Rg8]}) 40. Rb7+ Kg8 41. Rc7 Ra5 42. h5 $1 {The white want
to ope lines for their second rook.} Bf4 $1 {[%cal Yf4c7]} 43. hxg6 hxg6 44.
Kf2 $1 (44. Bxg6 $4 Rxe5+ 45. Kd1 Rxe1+ 46. Kxe1 Bxc7 $19) 44... Rxe5 45. Rxe5
Bxe5 46. Rd7 Nc4 47. Bxg6 $18 {The white can simply win this position due to
extra exchange and the passed pawn.} Nd6 48. Re7 Bd4+ 49. Kf3 e5 50. Re6 $1 Nc4
51. Rxa6 Kg7 52. Bd3 Nb6 53. Ra7+ Kf6 54. Rh7 Nd5 55. g3 $1 {[%csl Rd5]} Kg5
56. Rd7 Nf6 $5 (56... Nb4 57. Be4 $16) 57. Rg7+ Kh6 (57... Kh5 58. g4+ Kh4 59.
Rg6 $18 {[%cal Gd3e4]}) 58. Rg6+ Kh5 59. g4+ Kh4 60. Be4 $1 (60. Rxf6 $4 e4+
$11) 60... Nd7 61. Rh6+ Kg5 62. Rh5+ Kf6 63. g5+ Ke7 64. Rh7+ Ke6 65. Kg4 {
[%cal Gg5g8]} 1-0

[Event "FIDE-Wch k.o."]
[Site "Groningen"]
[Date "1997.12.19"]
[Round "4.3"]
[White "Gelfand, Boris"]
[Black "Tkachiev, Vladislav"]
[Result "1-0"]
[WhiteElo "2695"]
[BlackElo "2615"]
[Annotator "Huzman,A"]
[PlyCount "65"]
[EventDate "1997.12.09"]
[EventType "k.o."]
[EventRounds "7"]
[EventCountry "NED"]
[SourceTitle "CBM 063"]
[Source "ChessBase"]
[SourceDate "1998.03.26"]
[SourceVersion "1"]
[SourceVersionDate "1998.03.26"]
[SourceQuality "1"]

1. d4 d5 2. Nf3 e6 3. c4 dxc4 4. e3 c5 5. Bxc4 Nf6 6. O-O a6 7. e4 b5 8. Bd3
cxd4 9. a4 (9. Nxd4 Bb7 10. Re1 Bb4 $6 11. Nc3 O-O 12. e5 Bxc3 13. bxc3 Qd5 $2
14. f3 Nfd7 $4 (14... Ne8 $8 15. Ba3 $18) 15. Be4 $18 {1-0 Larsen,O-Grumme,H/
Snekkersten 1978 (19)}) 9... bxa4 (9... b4 10. e5 Nd5 11. Nxd4 Bb7 12. Qg4 Nd7
13. Nxe6 $1 fxe6 14. Qh5+ Ke7 15. Bg5+ N7f6 16. Re1 $40 {1-0 Loeffler,
S-Jonkman,H/Sonnevanck 1996 (24)}) 10. e5 Nd5 11. Qxa4+ (11. Bg5 Be7 12. Bxe7
Qxe7 13. Qxa4+ Nd7 14. Qxd4 O-O 15. Nbd2 Rb8 16. Bxa6 {1/2-1/2 Zakharevich,
I-Sherbakov,R/RUS-Cup9 1997}) 11... Bd7 (11... Nd7 12. Qxd4 g6 13. Nbd2 Bg7 14.
Nc4 O-O 15. h4 f6 16. Bc2 {1/2-1/2 Lengyel,L-Gunnarsson,G/Vrnjacka Banja zt
1967}) 12. Qxd4 Nb4 (12... Nc6 13. Qg4 Qc7 $5 14. Qg3 (14. Rxa6 Rxa6 15. Bxa6
Nxe5 16. Nxe5 Qxe5 $11) (14. Re1 Ncb4 15. Be4 Nc2 $132) 14... Ncb4 15. Be2 $1 (
15. Be4 Bb5 16. Re1 (16. Rd1 Be2 17. Re1 Bxf3 18. gxf3 (18. Qxf3 Qxe5 19. Bf4
Qxf4 $1 20. Qxf4 Nxf4 21. Bxa8 Nc2 $15) 18... Nc2 (18... g6) 19. Bxc2 Qxc2 $11)
16... Nd3 17. Bxd3 Bxd3 $132) 15... Qc2 $1 {[%cal Yc2e2,Yc2g6]} (15... g6 16.
Na3 {[%cal Ga3c4,Ga3b5]} Bg7 17. Nb5 $16) 16. Nbd2 Qg6 $11) 13. Be4 $1 (13.
Bxh7 $5 Rxh7 14. Qe4 Bb5 15. Qxa8 (15. Re1 Rh5 16. Qxa8 Bc6 (16... Nc2 17. Bg5
Rxg5 18. Nxg5 Nxe1 19. Nc3 $13) 17. Qa7 Bxf3 18. Bd2 (18. gxf3 Nc2 $19) 18...
Nc2 $19 19. Ba5 Rg5 $1 20. Bxd8 $140 Rxg2+ 21. Kf1 Rxh2) 15... Bxf1 16. Bg5 Qb6
17. Be3 (17. Kxf1 Nd3 18. Be3 Qxb2 $17) 17... Qd8 $11) 13... Bc6 (13... N8c6
14. Qe3 Be7 15. Rd1 O-O 16. Na3 $36 {[%cal Ga3c4,Gc4d6]}) 14. Qxd8+ Kxd8 15.
Nc3 $16 {[%csl Rd8] Inspite of early exchange of the queens the white have
clear advantage because of non-guaranteed position of the black king and
difficulties with pushing into the game rook h8.} Be7 (15... Nd7 16. Rd1 h6 17.
Nd4 $5 (17. Bxc6 Nxc6 18. Ne4 Kc7 19. Be3 $36 {[%cal Ya1c1]}) (17. Be3 $5)
17... Bxe4 18. Nxe4 $36) (15... h6 16. Rd1+ $36 (16. Be3 $5)) 16. Be3 (16. Rd1+
Ke8) 16... Ke8 17. Rfc1 {[%csl Re8]} (17. Nd4 $5 Bxe4 18. Nxe4 Nd7 (18... Nd5
19. Rfc1 Kd7 $14) 19. Nd6+ $36) (17. Rfd1 $5 Bxe4 18. Nxe4 Nd5 19. Bg5 f6 $11)
17... Bxe4 (17... f5 $1 18. exf6 (18. Bxc6+ N8xc6 19. Nb5 Kd7 20. Rd1+ Nd5 21.
Nc3 Ncb4 $11) 18... gxf6 19. Nd4 (19. Bxc6+ N8xc6 20. Nb5 Kd7 21. Rd1+ Nd5 22.
Nc3 Ncb4 $11) 19... Bxe4 20. Nxe4 Kf7 21. Rc7 $1 (21. Nb5 Nd7 22. Nbd6+ Bxd6 (
22... Kg6 $5 $11) 23. Nxd6+ Ke7 $11) (21. Nc5 Bxc5 22. Rxc5 Ra7 (22... Nd5 23.
Bd2 Rd8 24. Re1 $14) 23. Kf1 (23. Rc4 Rb7) 23... Rd7 24. Ke2 Rhd8 $11) 21...
Rd8 (21... Nd5 22. Rb7 Rd8 23. Nc5 $36) 22. Nc5 Nd5 23. Rb7 Rd6 (23... Nxe3 24.
fxe3 Rd6 25. b4 $16 {[%csl Ra8,Rb8]} Nc6 $140 $2 26. Ne4 $18) 24. b4 $16) 18.
Nxe4 N8c6 19. Rc4 $1 {[%csl Rb4,Rc6,Rh8][%cal Rb4c6,Rc6b4] Interdepending
black knights b4 and c6 create great diffuculties for the black.} Rd8 20. Nd6+
$1 Kf8 (20... Bxd6 21. exd6 a5 (21... Kd7 22. Ng5 Rdf8 23. Bd2 a5 24. Bxb4 axb4
25. Ra6 $16) 22. Rd1 Kd7 23. Ng5 $16 {[%cal Gg5f7,Gg5e4,Ge4c5]}) 21. Bd2 Rb8
22. Rac1 $18 g5 23. Rxc6 Nxc6 24. Rxc6 Rxb2 (24... g4 25. Bh6+ Kg8 26. Rc4 $1
f5 27. exf6 Bxd6 28. Ng5 $18) 25. h3 h6 26. Rxa6 Kg7 27. Ra7 {[%csl Rf7]} Rb1+
28. Kh2 Bxd6 29. exd6 {[%cal Gd2c3,Gf3e5,Gd6d8]} Rd8 30. Bc3+ Kg8 31. Bf6 $1
Rxd6 32. Ra8+ Kh7 33. Ne5 {[%cal Ga8h8]} 1-0

[Event "Pamplona 9798 8th"]
[Site "Pamplona"]
[Date "1997.12.29"]
[Round "2"]
[White "Illescas Cordoba, Miguel"]
[Black "Magem Badals, Jordi"]
[Result "1/2-1/2"]
[WhiteElo "2585"]
[BlackElo "2550"]
[Annotator "Huzman,A"]
[PlyCount "38"]
[EventDate "1997.12.28"]
[EventType "tourn"]
[EventRounds "9"]
[EventCountry "ESP"]
[EventCategory "13"]
[SourceTitle "CBM 063"]
[Source "ChessBase"]
[SourceDate "1998.03.26"]
[SourceVersion "1"]
[SourceVersionDate "1998.03.26"]
[SourceQuality "1"]

1. d4 d5 2. c4 dxc4 3. Nf3 a6 4. e3 e6 5. Bxc4 c5 6. O-O Nf6 7. Bb3 Nc6 8. Nc3
cxd4 9. Nxd4 $5 Bd7 $1 (9... Nxd4 10. exd4 Be7 11. d5 exd5 (11... O-O 12. Qf3
exd5 13. Nxd5 Nxd5 14. Bxd5 $36) 12. Nxd5 Nxd5 13. Bxd5 O-O 14. Re1 $36) 10.
Nf3 {[%cal Ge3e5]} Qc7 {[%csl Re5]} 11. Qe2 (11. e4 Bd6 {[%cal Yc6e5,Yf6g4,
Yg4e5]} (11... Bc5 $5)) 11... Bd6 12. h3 (12. e4 Ng4 13. h3 Nge5 $15) 12... O-O
$11 13. e4 Ne5 14. Bd2 {[%cal Ga1c1,Gc1c7]} Nxf3+ 15. Qxf3 Bc6 16. Rac1 {
[%cal Gc3d5]} Rad8 {[%cal Yc7b8]} (16... Qe7 {[%cal Yf6d7]} 17. Bf4 $11) 17.
Bg5 Be5 18. Bxf6 Bxf6 19. Nd5 exd5 (19... exd5 20. exd5 Bxb2 21. Rc2 Bxd5 22.
Rxc7 Bxf3 23. gxf3 b5 24. Ra7 (24. Re1 {[%csl Rf7][%cal Ge1e7]} Bf6 25. Rb7 (
25. Ra7 a5 $15) 25... h6 26. Rc1 Rd2 27. Rcc7 Bd4 $15) 24... Rd6 25. Re1 {
[%cal Ga7f7]} Ba3 $1 $15 {[%cal Yd6g6,Ya3f8]} 26. Re5 {[%cal Ge5f5,Gf5f7]} (26.
Rxf7 $140 $4 Rg6+ 27. Kf1 Rxf7 28. Re8+ Bf8 $19) 26... Rf6 27. Kg2 $132 {
[%cal Ge5d5,Gd5d7]}) 1/2-1/2

[Event "Hastings 9798"]
[Site "Hastings"]
[Date "1998.01.02"]
[Round "4"]
[White "Hebden, Mark"]
[Black "Tkachiev, Vladislav"]
[Result "0-1"]
[WhiteElo "2575"]
[BlackElo "2615"]
[Annotator "Huzman,A"]
[PlyCount "58"]
[EventDate "1997.12.29"]
[EventType "tourn"]
[EventRounds "9"]
[EventCountry "ENG"]
[EventCategory "13"]
[SourceTitle "CBM 063"]
[Source "ChessBase"]
[SourceDate "1998.03.26"]
[SourceVersion "1"]
[SourceVersionDate "1998.03.26"]
[SourceQuality "1"]

1. d4 d5 2. c4 dxc4 3. Nf3 Nf6 4. e3 e6 5. Bxc4 c5 6. O-O a6 7. e4 b5 8. Bd3
Bb7 9. Re1 (9. e5 Nfd7 (9... Nd5 10. Nc3 (10. Bg5 Qb6 11. dxc5 (11. Nc3 $5)
11... Bxc5 12. Nc3 h6 13. Bh4 Nd7 14. a4 b4 $6 (14... O-O $5) 15. Ne4 Rc8 16.
Bg3 O-O 17. Nfd2 $6 (17. Qe2 $1) 17... Bd4 $1 18. Nd6 (18. Nc4 Rxc4 19. Bxc4
Bxb2 20. Rb1 Bxe5 $17) 18... Nxe5 19. Bxe5 Bxe5 20. N2c4 Qc7 $1 21. Nxc8 Bxh2+
22. Kh1 Rxc8 $44 {0-1 Avrukh,B-Baburin,A/Groningen op 1995 (45)}) (10. a4 c4 (
10... b4 11. Nbd2 cxd4 12. Nb3 Nd7 (12... Nc6 $5) 13. Re1 Nc5 14. Nxc5 Bxc5 15.
Ng5 Ne3 16. Nxe6 fxe6 17. fxe3 Qg5 18. e4 Qxe5 19. Bf4 (19. Rf1 $44) 19... Qxf4
20. Qh5+ Qf7 21. Qxc5 Qe7 22. Rac1 Qxc5 23. Rxc5 Rc8 24. Rxc8+ Bxc8 25. Rc1 Kd7
{1/2-1/2 Geller,E-Keres,P/Bled 1961}) 11. Be2 Nd7 12. b3 Rc8 13. axb5 axb5 14.
bxc4 bxc4 15. Na3 N7b6 16. Bg5 Qd7 17. Qc1 h6 18. Bh4 Bb4 $17 {0-1
Astolfi-Villeneuve,A/Cannes op 1989 (36)}) (10. Nbd2 cxd4 (10... Nd7 11. a4 Qb6
12. axb5 axb5 13. Rxa8+ Bxa8 14. Ne4 $6 (14. dxc5 $1 Nxc5 15. Bb1 $14) 14...
cxd4 $17 {Aleksandrov-Vaulin,RUS-Cup6,1997}) 11. a4 Nb4 12. Ne4 Qd5 13. Re1
Nxd3 14. Qxd3 Nc6 15. Bf4 h6 16. Rad1 Rd8 17. axb5 axb5 18. h4 Be7 19. h5 O-O
$17 {1-0 Maksimovic,B-Semkov,S/Heraklio op 1993 (39)}) 10... Nxc3 11. bxc3 Be7
12. a4 b4 13. dxc5 bxc3 14. Qc2 Nd7 15. Qxc3 Nxc5 16. Be2 O-O 17. Rd1 Ne4 18.
Qb2 Bd5 $15 {1/2-1/2 Khodos,G-Tarasov,V/Rostov 1961 (27)}) 10. Bg5 (10. Ng5 $5
cxd4 $140 11. Nxf7 $1 Kxf7 12. Qh5+ Ke7 13. Bg5+ Nf6 14. exf6+ gxf6 15. Bxf6+
Kxf6 16. Qh4+) 10... Qb6 11. dxc5 Bxc5 12. Bf4 Nc6 13. Nbd2 Rd8 14. Qe2 Nd4 {
1/2-1/2 Petrosian,T-Van Scheltinga,T/Hoogovens 1960}) (9. Nbd2 cxd4 10. e5 Nfd7
11. Ne4 Nc6 12. Bf4 Nc5 13. Nxc5 Bxc5 14. a3 Qd7 15. Ng5 h6 16. Ne4 Be7 17. Qe2
Qd5 18. Nd2 Na5 19. Be4 {1/2-1/2 Hansen,S-Petersen,S/Lyngby op 1990}) (9. Bg5
cxd4 (9... Be7 10. dxc5 Bxe4 11. Bxf6 Qxd3 12. Bxe7 Kxe7 13. Nbd2 Bxf3 14. Nxf3
Qxd1 15. Rfxd1 Rc8 16. Rac1 Nc6 17. Nd4 b4 18. f4 Rab8 19. Kf2 Nxd4 20. Rxd4
Rb5 {1/2-1/2 Shulman,Yuri-Vaulin,Alexander/Minsk op 1997}) (9... h6 10. Bxf6
Qxf6 11. a4 cxd4 12. axb5 a5 13. b6 Bc5 14. Qa4+ Ke7 15. Nbd2 Nd7 16. Nb3 e5
17. Nxa5 $36 {Rustemov,A - Dolgov,A/Moscow (ch) 1997 (27)}) 10. a4 $5 $146 (10.
Nxd4 Nbd7 11. Nc3 Ne5 12. Ncxb5 Nxd3 13. Qxd3 axb5 14. Rfd1 Be7 15. Qxb5+ Qd7
16. Qb3 Bxe4 17. Nf5 Bd5 18. Nxg7+ Kf8 19. Qh3 h5 $19 {0-1 Kasparov,G-Gulko,B/
USSR 33/509 1982 (24)}) 10... bxa4 11. Rxa4 Be7 12. Rxd4 Nfd7 13. Qb3 Qb6 14.
Qc3 f6 $6 (14... Nc6 $1 15. Rxd7 $5 Kxd7 16. Be3 Qb4 17. Qxg7 Rhg8 18. Qxh7 Rh8
19. Qxf7 Raf8 20. Qg6 Rfg8 21. Qf7 Rf8 $11) 15. Be3 $36 {1/2-1/2 Shulman,
Y-Sherbakov,R/Kakhovka 1997 (37)}) 9... cxd4 10. a4 bxa4 (10... b4 11. Nbd2 Nc6
12. e5 Nd5 13. Ne4 h6 14. Bd2 Be7 15. Qe2 b3 16. Rac1 Ncb4 17. Nxd4 Nxd3 18.
Qxd3 Nb4 19. Bxb4 Bxb4 20. Qxb3 Qxd4 21. Rc4 Bd5 22. Qxb4 Qa7 23. Nd6+ $18 {
Astolfi,F-Bus,M/Cappelle op 1992/0-1 (80)}) 11. Bg5 (11. Rxa4 Nfd7 12. Nxd4 Be7
13. Bc2 Nc6 14. Nxc6 Bxc6 15. Rd4 Bc5 16. Rd2 Qc7 17. Ba4 Rd8 18. Bxc6 Qxc6 19.
Qc2 Rc8 20. Qc3 Nf6 21. Rde2 {1/2-1/2 Portisch,L-Petrosian,T/Stockholm izt 1962
}) 11... Be7 12. Rxa4 (12. Nxd4) 12... Nc6 13. Nxd4 Ne5 $1 14. Bf1 (14. Bc2 $5
O-O 15. f4) 14... h6 $1 (14... Nxe4 $2 15. Bxe7 Qxe7 16. f3 $18) 15. Bxf6 $6 (
15. Bh4 $5 Ng6 $140 16. Bxf6 Bxf6 17. Rb4 $36 {[%cal Gd1a4]}) 15... Bxf6 16.
Qb3 (16. f4 Ng6 17. e5 Bh4 18. g3 Be7 $36 {[%cal Yd8d5,Yd5h1,Ye7c5,Yc5g1]})
16... Rb8 17. Qa3 (17. Rb4 O-O $1 18. Nxe6 $140 (18. Rxb7 Rxb7 19. Qxb7 Qxd4
20. Qxa6 Rb8 $36) 18... fxe6 19. Rxb7 Rxb7 20. Qxb7 Bh4 $1 $19) 17... Qd7 $1 {
[%cal Yd7a4]} (17... Be7 18. Qg3 Bf6 19. Qa3) 18. Nd2 Be7 19. Qa1 O-O 20. N2f3
(20. N2b3 Nc6 $140 21. Bxa6 Bxa6 22. Nxc6 Qxc6 23. Rxa6 Qc2 $11) 20... Nxf3+
21. Nxf3 a5 22. Ne5 $2 (22. Rd1 Qc7 (22... Qc6 23. Ne5 {[%cal Ge5d7]}) 23. Rc4
Qf4 (23... Qb6 24. Ne5 {[%cal Ge5d7]} Bc5 25. Nd7 Bxf2+ 26. Kh1 $16) 24. Rd7 (
24. Qxa5 Bxe4 $11 25. Bd3 $140 Qf5) 24... Bb4 (24... Bd8 25. e5 Qf5 26. Bd3 Qh5
27. Be4 $36 {[%csl Rh5]}) 25. e5 Qf5 26. Bd3 Qh5 27. Rxb7 $1 Rxb7 28. Rh4 $18)
22... Qc7 23. Nc4 $2 (23. Nd3 Ra8 $15) 23... Bb4 $17 {[%csl Ra4]} 24. Rc1 Rfc8
{[%cal Yc8c1]} 25. Qb1 Qf4 26. f3 Bd6 $19 27. Rxa5 Qxh2+ 28. Kf2 Bg3+ 29. Ke2
Qg1 0-1

[Event "WchT 4th"]
[Site "Luzern"]
[Date "1997.10.31"]
[Round "7.3"]
[White "Vera Gonzalez Quevedo, Reynaldo"]
[Black "Sadler, Matthew D"]
[Result "0-1"]
[WhiteElo "2530"]
[BlackElo "2665"]
[Annotator "Huzman,A"]
[PlyCount "68"]
[EventDate "1997.10.25"]
[EventType "team-tourn"]
[EventRounds "9"]
[EventCountry "SUI"]
[SourceTitle "CBM 062"]
[Source "ChessBase"]
[SourceDate "1998.01.31"]
[SourceVersion "1"]
[SourceVersionDate "1998.01.31"]
[SourceQuality "1"]
[WhiteTeam "Cuba"]
[BlackTeam "England"]
[WhiteTeamCountry "CUB"]
[BlackTeamCountry "ENG"]

1. d4 d5 2. c4 dxc4 3. e3 Nf6 4. Bxc4 e6 5. Nf3 c5 6. O-O a6 7. Bb3 cxd4 8.
exd4 Nc6 9. Nc3 Be7 10. Bf4 O-O 11. Rc1 Na5 12. Bc2 b5 13. Ne4 (13. a4 $142 b4
14. Ne4 Nd5 15. Bg5 (15. Bd2 Nc4 16. Bb3 Nxd2 17. Qxd2 Bb7 18. Ne5 Ra7 19. f4
g6 20. Rcd1 a5 21. Ng5 Ra6 22. Ne4 Ba8 23. Qe2 Ra7 24. Rd3 Nc7 25. Rc1 Nd5 26.
Rf1 Nc7 27. Rc1 {1/2-1/2 Epishin,V-Fominyh,A/RUS-ch m1-2 1997/CBM 59}) 15...
Bxg5 16. Nexg5 Nf6 17. Qd3 g6 18. Ne5 Bb7 19. Bd1 Ne8 20. Ne4 f6 21. Nf3 Bd5
22. Nc5 Qd6 23. Nd2 Ng7 24. Bf3 Rfd8 25. Rfe1 Ra7 26. h3 Nc6 27. Ndb3 e5 28.
Bxd5+ Qxd5 29. Ne4 Ne8 30. Rc5 Qe6 31. d5 Ne7 32. Qe3 Qf7 33. Rd1 Rad7 34. Qe2
{1/2-1/2 Romanishin,O-Skomorokhin,R/Biel op MTO 1997/EXP 60}) 13... Nd5 14. Bg5
{[%csl Rc5] The idea of this move is that after exchange blacksquare bishops
to occupite square "c5" with Ne4.} (14. Bg3 $2 f5 15. Nc5 f4 $19) 14... Bxg5
15. Nexg5 (15. Nfxg5 $2 f5 $19) 15... Nf6 $1 {[%csl Rd5][%cal Yc8b7,Ya5c4] Now
the white can't get their knight on square "c5".} 16. Qd3 g6 17. Ne5 Bb7 18.
Rcd1 $1 {[%csl Rd4,Rg7,Rh6][%cal Gd3h3,Gh3h6]} Bd5 $1 {[%cal Yd5c4,Yc4f1]} 19.
Qh3 Kg7 {[%csl Rh6]} 20. Rd3 {[%cal Gd3g3,Gg3g6]} Rc8 21. Bb1 Bc4 $1 {The
black try to neutralise the attack of the white by exchange of the active
white pieses.} 22. Rg3 (22. Nxc4 Nxc4 23. b3 Na3 $17 {[%csl Rd4][%cal Yc8c1]})
22... Qxd4 $1 (22... Bxf1 $2 23. Nexf7 Rc1 (23... Be2 24. Qh6+ Kg8 25. Nxe6 $18
) 24. Qh6+ Kg8 25. Nxh7 Bd3+ 26. Qxc1 Rxf7 27. Nxf6+ Rxf6 28. Bxd3 $18) 23.
Nexf7 (23. Bxg6 hxg6 24. Ngxf7 Rxf7 25. Rxg6+ (25. Nxg6 Ne4 26. Rg4 (26. Ne7+
Nxg3 27. Qxg3+ Kf8 28. Nxc8 Bxf1 $19) (26. Qh4 Nc6 27. Rg4 Rxf2 $1 (27... Nxf2
28. Rxd4 Nh3+ 29. gxh3 Rxf1+ 30. Kg2 Nxd4 31. Ne5 $13) 28. Ne5+ Kf8 29. Rxf2+ (
29. Qh8+ Ke7 30. Rg7+ Rf7+ $1 $19) 29... Qxf2+ 30. Qxf2+ Nxf2 $19) 26... Nxf2
$19) 25... Kf8 26. Rxf6 Rxf6 27. Qh8+ Ke7 28. Qg7+ Kd6 $19) 23... Rxf7 24. Nxh7
(24. b3 Bd5 25. Nxh7 Nxh7 26. Rxg6+ (26. Bxg6 Qxf2+ $1 27. Rxf2 Rc1+ $19) 26...
Kh8 $19) (24. Nxf7 Kxf7 $19) 24... Nxh7 25. Bxg6 Nf6 $1 (25... Rh8 26. Bxf7+
Kxf7 27. Qh5+ Ke7 28. Rd1 $1 $44 {[%csl Re7]}) (25... Kh8 26. Bxf7 Bxf1 27.
Qxe6 $1 {[%cal Ge6c8,Ge6g6,Gg6g8]} Rd8 (27... Qc5 28. Qg4 $18) (27... Qd8 28.
Rh3 $1 $18 {[%cal Ge6e5,Gh3h7]}) 28. Qg6 $18) 26. Bd3+ Kf8 27. Qh8+ Ke7 28.
Qxc8 Bxd3 $17 {/-+} 29. Re1 (29. Qc7+ Nd7 30. Rxd3 Qxd3 31. Qxa5 Qd6 $19) 29...
Nd7 $1 30. Rge3 Bc4 {[%cal Yc4d5]} 31. b3 (31. Qxa6 $1 {This is the best
practical chance.} Qd2 $1 (31... Qb6 32. Qxb6 (32. Qa8 Rf8 33. Qe4 $17)) (31...
Qxb2 32. Rxe6+ Bxe6 33. Rxe6+ (33. Qxe6+ Kf8 34. Qd6+ Kg8 35. Re8+ Nf8 $19)
33... Kf8 34. Qd6+ Kg8 35. Rg6+ Rg7 36. Rxg7+ Qxg7 37. Qd5+ Kf8 38. g3 $1 {
The white have some chances for a draw because of drawing tradition0 of the
endgame "two knights and king against king".} (38. Qxb5 Qa1+ 39. Qf1 Qxa2 $17 {
/-+})) 32. R1e2 (32. Rxe6+ Bxe6 33. Rxe6+ Kf8 $19 {[%cal Yd2d6,Yd2f2]}) 32...
Bxe2 33. Qxe6+ Kd8 (33... Kf8 $2 34. Qh6+ Rg7 35. Qf4+ Rf7 36. Re8+ Kxe8 37.
Qxd2 $18) 34. Rxe2 Qc1+ 35. Re1 Qf4 $17 {/-+}) 31... Bd5 32. Qxa6 Nc6 $1 {
This move is much better than the line with exchange of queens because in the
middlegame good coordinated pieses of black give them the possibility of a
strong attack.} (32... Qb6 33. Qxb6 Nxb6 $17) 33. Qxb5 Nce5 {[%cal Yf7g7,Yd4g4]
} 34. h3 $2 (34. Qa4 $142 Qxa4 35. bxa4 Kd6 $17 {/-+}) 34... Rg7 {[%cal Yg7g2,
Ye5f3]} 0-1